Tessedik Sámuel írásaiból

Elmentve itt :
Bibliográfiai részletek
Szerzők: Molnár Lászlóné
Tessedik Sámuel
Dokumentumtípus: Cikk
Megjelent: 1971
Sorozat:Magyar pedagógia : a Magyar Tudományos Akadémia Pedagógiai Bizottságának folyóirata 71 No. 3
Kulcsszavak:Tessedik Sámuel, Pedagógia magyar 18-19. sz., Neveléstörténet, Tessedik Sámuel
Online Access:http://misc.bibl.u-szeged.hu/12426
LEADER 00766nab a2200193 i 4500
001 misc12426
005 20191106141605.0
008 170607s1971 hu o 0|| hun d
022 |a 0025-0260 
040 |a SZTE Miscellanea Repozitórium  |b hun 
041 |a hun 
100 1 |a Molnár Lászlóné 
245 1 0 |a Tessedik Sámuel írásaiból  |h [elektronikus dokumentum] /  |c  Molnár Lászlóné 
260 |c 1971 
300 |a 360-361 
490 0 |a Magyar pedagógia : a Magyar Tudományos Akadémia Pedagógiai Bizottságának folyóirata  |v 71 No. 3 
695 |a Tessedik Sámuel, Pedagógia magyar 18-19. sz., Neveléstörténet, Tessedik Sámuel 
700 0 1 |a Tessedik Sámuel  |e aut 
856 4 0 |u http://misc.bibl.u-szeged.hu/12426/1/mp_1971_003_4896_360-361.pdf  |z Dokumentum-elérés